<?xml version="1.0" encoding="UTF-8"?><?xml-stylesheet type="text/xsl" href="static/style.xsl"?><OAI-PMH xmlns="http://www.openarchives.org/OAI/2.0/" xmlns:xsi="http://www.w3.org/2001/XMLSchema-instance" xsi:schemaLocation="http://www.openarchives.org/OAI/2.0/ http://www.openarchives.org/OAI/2.0/OAI-PMH.xsd"><responseDate>2026-04-17T06:37:30Z</responseDate><request verb="GetRecord" identifier="oai:www.recercat.cat:10256/18357" metadataPrefix="marc">https://recercat.cat/oai/request</request><GetRecord><record><header><identifier>oai:recercat.cat:10256/18357</identifier><datestamp>2024-11-13T05:11:14Z</datestamp><setSpec>com_2072_452955</setSpec><setSpec>com_2072_2054</setSpec><setSpec>col_2072_453072</setSpec></header><metadata><record xmlns="http://www.loc.gov/MARC21/slim" xmlns:dcterms="http://purl.org/dc/terms/" xmlns:xsi="http://www.w3.org/2001/XMLSchema-instance" xmlns:doc="http://www.lyncode.com/xoai" xsi:schemaLocation="http://www.loc.gov/MARC21/slim http://www.loc.gov/standards/marcxml/schema/MARC21slim.xsd">
   <leader>00925njm 22002777a 4500</leader>
   <datafield ind2=" " ind1=" " tag="042">
      <subfield code="a">dc</subfield>
   </datafield>
   <datafield ind2=" " ind1=" " tag="720">
      <subfield code="a">Iglesias Vidal, Edgar</subfield>
      <subfield code="e">author</subfield>
   </datafield>
   <datafield ind2=" " ind1=" " tag="720">
      <subfield code="a">González Patiño, Javier</subfield>
      <subfield code="e">author</subfield>
   </datafield>
   <datafield ind2=" " ind1=" " tag="720">
      <subfield code="a">Lalueza Sazatornil, José Luis</subfield>
      <subfield code="e">author</subfield>
   </datafield>
   <datafield ind2=" " ind1=" " tag="720">
      <subfield code="a">Esteban Guitart, Moisès</subfield>
      <subfield code="e">author</subfield>
   </datafield>
   <datafield ind2=" " ind1=" " tag="260">
      <subfield code="c">2020-07-23</subfield>
   </datafield>
   <datafield ind2=" " ind1=" " tag="520">
      <subfield code="a">The emergency resulting from the coronavirus pandemic reminds us that, as human beings, we share a common challenge. Recently, it has been suggested that Covid-19 pandemic involve a "world perezhivanie", a collective and traumatic "lived experience", characterized by a profound crisis that affects not only our health, but also our economic, social, political and educational systems. In the light of this situation, we need to critically re-imagine education in 21st century. In this theoretical paper, we propose two principles designed to overcome three common biases in our understanding of learning and education. From these assumptions, we describe and illustrate the meaning and practice behind an inter-generational, personalized, shared, connected and sustainable education, based on a culture and praxis that is caring and involved, that allows us to consolidate processes of educational transformation and improvement</subfield>
   </datafield>
   <datafield ind2=" " ind1=" " tag="520">
      <subfield code="a">La actual emergencia derivada de la pandemia del coronavirus nos recuerda que compartimos un mismo desafío en tanto que seres humanos. Recientemente, se ha considerado la pandemia Covid-19 una experiencia colectiva y traumática (“world perezhivanie”), caracterizada por una crisis sistémica que impacta no solo en nuestra salud, sino también en nuestra economía, política, orden social y, por supuesto, en la educación. Esta situación nos impide postergar más la necesidad aún pendiente de (re)imaginar críticamente el sentido de la educación en el siglo XXI. En este artículo teórico, de carácter propositivo y deliberativo, proponemos dos principios para superar tres sesgos habituales en nuestra compresión del aprendizaje y del hecho educativo. A partir de dichas consideraciones, se describe e ilustra lo que para nosotros significa una educación intergeneracional, personalizada, compartida, conectada y sostenible, basada en una cultura y práctica de los afectos y el acompañamiento, que permita consolidar procesos de mejora y transformación educativa</subfield>
   </datafield>
   <datafield tag="653" ind2=" " ind1=" ">
      <subfield code="a">Justícia social</subfield>
   </datafield>
   <datafield tag="653" ind2=" " ind1=" ">
      <subfield code="a">Social justice</subfield>
   </datafield>
   <datafield tag="653" ind2=" " ind1=" ">
      <subfield code="a">Educational technology</subfield>
   </datafield>
   <datafield tag="653" ind2=" " ind1=" ">
      <subfield code="a">Tecnologia educativa</subfield>
   </datafield>
   <datafield ind2="0" ind1="0" tag="245">
      <subfield code="a">Manifiesto en tiempos de pandemia: por una educación crítica, intergeneracional, sostenible y comunitaria</subfield>
   </datafield>
</record></metadata></record></GetRecord></OAI-PMH>